| 000 | 00393nam a2200145 i 4500 | ||
|---|---|---|---|
| 001 | bg | ||
| 100 | 1 | _aWÓJCIK, Aleksander Z. | |
| 245 | 0 |
_aPlanowanie i wnioskowanie statystyczne w doświadczalnictwie / _cA. Z. Wójcik, Z. Laudański. |
|
| 260 |
_aWarszawa, _c1989. |
||
| 700 | 1 | _aLAUDAŃSKI, Z. | |
| 040 | _cBPK | ||
| 041 | _apol | ||
| 942 | _cKS | ||
| 008 | s pl f |000 0 pol | ||
| 999 |
_c4113 _d4113 |
||
| 856 |
_uhttp://koha.tu.koszalin.pl/cgi-bin/koha/opac-detail.pl?biblionumber=4113 _yKatalog online BPK |
||